[Event "Magyar rapid bajnokság"]
[Site "Ajka"]
[Date "2020.07.18"]
[Round "6.12"]
[White "Martini, Balazs"]
[Black "Mihok, Oliver"]
[Result "0-1"]
[WhiteElo "2228"]
[BlackElo "2508"]
[PlyCount "52"]
[EventDate "2020.07.17"]
[EventType "swiss"]
[EventRounds "13"]
[EventCountry "HUN"]

1. d4 Nf6 2. Nf3 g6 3. Bg5 Bg7 4. e3 O-O 5. Be2 d6 6. O-O c5 7. Nbd2 b6 8. a4
a6 9. c3 Bb7 10. Qb1 Nbd7 11. Rc1 h6 12. Bh4 Rc8 13. Qa2 Rc7 14. b4 Qa8 15. a5
cxb4 16. axb6 Rxc3 17. Bxf6 Bxf6 18. Qa5 Rxc1+ 19. Rxc1 Rc8 20. Rc7 Rxc7 21.
bxc7 Qc8 22. Bc4 e6 23. Bb3 Be7 24. Ba4 Nf6 25. h4 Nd5 26. e4 Qxc7 0-1

[Event "Magyar rapid bajnokság"]
[Site "Ajka"]
[Date "2020.07.18"]
[Round "6.13"]
[White "Mester, Gyula"]
[Black "Borhy, Marcell"]
[Result "1-0"]
[WhiteElo "2426"]
[BlackElo "2132"]
[PlyCount "111"]
[EventDate "2020.07.17"]
[EventType "swiss"]
[EventRounds "13"]
[EventCountry "HUN"]

1. d4 d5 2. c4 dxc4 3. Nf3 a6 4. a4 Nf6 5. e3 Bg4 6. Bxc4 e6 7. h3 Bh5 8. Qb3
Nc6 9. a5 Bxf3 10. gxf3 Bb4+ 11. Bd2 Qd6 12. Bxb4 Qxb4+ 13. Nd2 O-O 14. Qxb4
Nxb4 15. Ra4 Nbd5 16. Bxd5 Nxd5 17. Nb3 b6 18. Kd2 Rfb8 19. e4 bxa5 20. Kc2
Nb4+ 21. Kc3 Nc6 22. Nxa5 Nxa5 23. Rxa5 Rb6 24. b4 Rab8 25. Rb1 Kf8 26. h4 Rc6+
27. Rc5 Rbb6 28. Kb3 e5 29. Rxc6 Rxc6 30. dxe5 Rb6 31. Kc4 Ke7 32. Ra1 Rh6 33.
Kd5 Rxh4 34. Rxa6 Rh1 35. e6 Rd1+ 36. Ke5 f6+ 37. Kf5 g6+ 38. Kf4 Rc1 39. Ke3
h5 40. f4 Rc4 41. f5 gxf5 42. exf5 Rxb4 43. Rc6 Kd8 44. Rc1 h4 45. Rd1+ Ke8 46.
Rd7 h3 47. Rh7 c6 48. f3 Rb5 49. Kf4 Rb4+ 50. Kg3 Rb5 51. Kg4 Rb4+ 52. Kh5 Rf4
53. Kg6 Rxf3 54. Kxf6 Kd8 55. Rh8+ Kc7 56. e7 1-0

[Event "Magyar rapid bajnokság"]
[Site "Ajka"]
[Date "2020.07.18"]
[Round "6.14"]
[White "Fancsy, Imre"]
[Black "Karacsonyi, Gellert"]
[Result "1/2-1/2"]
[WhiteElo "2414"]
[BlackElo "2167"]
[PlyCount "47"]
[EventDate "2020.07.17"]
[EventType "swiss"]
[EventRounds "13"]
[EventCountry "HUN"]

1. Nf3 c5 2. c4 Nc6 3. g3 g6 4. Bg2 Bg7 5. Nc3 e5 6. a3 Nge7 7. O-O O-O 8. Rb1
a5 9. Ne1 d6 10. Nc2 f5 11. Ne3 f4 12. Ned5 Nxd5 13. Nxd5 Ne7 14. e3 Nxd5 15.
Bxd5+ Kh8 16. b4 axb4 17. axb4 Bh3 18. Re1 Qd7 19. exf4 exf4 20. Bb2 fxg3 21.
hxg3 Bxb2 22. Rxb2 Qg7 23. d4 cxd4 24. Rd2 1/2-1/2

[Event "Magyar rapid bajnokság"]
[Site "Ajka"]
[Date "2020.07.18"]
[Round "6.15"]
[White "Seres, Bela"]
[Black "Meszaros, Tamas"]
[Result "0-1"]
[WhiteElo "2148"]
[BlackElo "2401"]
[PlyCount "86"]
[EventDate "2020.07.17"]
[EventType "swiss"]
[EventRounds "13"]
[EventCountry "HUN"]

1. e4 e5 2. Nf3 Nc6 3. Bc4 Nf6 4. d3 h6 5. O-O d6 6. h3 g5 7. c3 g4 8. Nh4 gxh3
9. g3 Rg8 10. Nd2 d5 11. exd5 Nxd5 12. Kh2 Be6 13. Qf3 Qd7 14. Qe2 O-O-O 15.
Nhf3 Bg4 16. Bb5 Nb6 17. a4 Qd5 18. c4 Nd4 19. cxd5 Nxe2 20. Nxe5 Rxd5 21. Nxg4
Rxg4 22. Ne4 Rg6 23. Be8 Rf5 24. Be3 Kd8 25. Bb5 Rd5 26. Rad1 Nd4 27. Bc4 Rd7
28. a5 Nxc4 29. dxc4 Nf3+ 30. Kxh3 Ne5 31. Rxd7+ Kxd7 32. Rd1+ Kc8 33. b3 Bb4
34. Bd2 Bxd2 35. Rxd2 b6 36. a6 Nc6 37. Nc3 Nb4 38. Nd5 Nxd5 39. Rxd5 Re6 40.
Rf5 Re7 41. Kh4 Kd7 42. Kh5 Ke6 43. Kxh6 Kxf5 0-1

[Event "Magyar rapid bajnokság"]
[Site "Ajka"]
[Date "2020.07.18"]
[Round "6.16"]
[White "Havanecz, Bianka"]
[Black "Emodi, Barnabas"]
[Result "1-0"]
[WhiteElo "2122"]
[BlackElo "2339"]
[PlyCount "83"]
[EventDate "2020.07.17"]
[EventType "swiss"]
[EventRounds "13"]
[EventCountry "HUN"]

1. d4 c5 2. d5 f5 3. c4 e6 4. Nc3 Nf6 5. Nf3 exd5 6. cxd5 d6 7. Bf4 Be7 8. h3
O-O 9. e3 Na6 10. Be2 Nc7 11. O-O b6 12. Qb3 Rb8 13. a4 a6 14. Rfd1 Bd7 15. Ng5
b5 16. axb5 axb5 17. Ne6 Bxe6 18. dxe6 c4 19. Qc2 g6 20. Bf3 Re8 21. Bc6 Nxe6
22. Bxe8 Nxe8 23. Nd5 Bf8 24. Bg3 Rb7 25. b3 Nc5 26. bxc4 b4 27. Rab1 b3 28.
Qe2 Bg7 29. f3 Ra7 30. Be1 Ra2 31. Rd2 Qa5 32. Rxb3 Rxd2 33. Bxd2 Qa1+ 34. Kh2
Nxb3 35. Bb4 Nc5 36. Qd2 Qe5+ 37. Kg1 Nf6 38. Nf4 g5 39. Bc3 Nfe4 40. fxe4 Qxc3
41. Qd5+ Kh8 42. Qa8+ 1-0

[Event "Magyar rapid bajnokság"]
[Site "Ajka"]
[Date "2020.07.18"]
[Round "6.17"]
[White "Csonka, Balazs"]
[Black "Krstulovic, Alex"]
[Result "1/2-1/2"]
[WhiteElo "2324"]
[BlackElo "2108"]
[PlyCount "43"]
[EventDate "2020.07.17"]
[EventType "swiss"]
[EventRounds "13"]
[EventCountry "HUN"]

1. e4 c6 2. Nc3 d5 3. Nf3 dxe4 4. Nxe4 Nf6 5. Nxf6+ exf6 6. Bc4 Bd6 7. Qe2+ Be7
8. O-O O-O 9. d4 Re8 10. Re1 Nd7 11. h3 Nf8 12. Be3 Ng6 13. Rad1 Bd6 14. Qd3
Qc7 15. Bb3 Bd7 16. c4 Rad8 17. c5 Bf4 18. Bc4 Bxe3 19. Rxe3 Nf4 20. Rxe8+ Rxe8
21. Qd2 Be6 22. Re1 1/2-1/2

[Event "Magyar rapid bajnokság"]
[Site "Ajka"]
[Date "2020.07.18"]
[Round "6.18"]
[White "Dobos, Jozsef"]
[Black "Juhasz, Barbara"]
[Result "1/2-1/2"]
[WhiteElo "2254"]
[BlackElo "2099"]
[PlyCount "104"]
[EventDate "2020.07.17"]
[EventType "swiss"]
[EventRounds "13"]
[EventCountry "HUN"]

1. d4 Nf6 2. Bf4 g6 3. Nc3 d5 4. e3 Bg7 5. h4 h5 6. Nf3 c6 7. Be2 Nbd7 8. Ne5
Nxe5 9. Bxe5 Kf8 10. f3 b5 11. a3 Nd7 12. Bxg7+ Kxg7 13. e4 dxe4 14. Nxe4 Nf6
15. Nxf6 exf6 16. Qd2 Be6 17. b3 Qd6 18. Kf2 Rhd8 19. Rhd1 Qh2 20. Rh1 Qd6 21.
Rhd1 a5 22. g3 b4 23. axb4 axb4 24. Rxa8 Rxa8 25. c4 bxc3 26. Qxc3 Ra2 27. b4
Bd5 28. Rd2 Ra8 29. Qc5 Qe6 30. Bd3 Qh3 31. Bf1 Qf5 32. Bg2 Ra3 33. b5 Rxf3+
34. Bxf3 Qxf3+ 35. Ke1 cxb5 36. Qxb5 Qxg3+ 37. Kd1 Bb3+ 38. Ke2 Be6 39. Kd1
Bb3+ 40. Ke2 Be6 41. Kd1 Bf5 42. Qb4 Qxh4 43. Kc1 Qh1+ 44. Kb2 Qe4 45. Ka3 Qe3+
46. Kb2 Qe1 47. d5 Qb1+ 48. Kc3 Qa1+ 49. Qb2 Qa5+ 50. Qb4 Qa1+ 51. Qb2 Qa5+ 52.
Qb4 Qa1+ 1/2-1/2

[Event "Magyar rapid bajnokság"]
[Site "Ajka"]
[Date "2020.07.18"]
[Round "6.19"]
[White "Seres, Lajos"]
[Black "Varga, Marcell"]
[Result "1-0"]
[WhiteElo "2455"]
[BlackElo "1685"]
[PlyCount "27"]
[EventDate "2020.07.17"]
[EventType "swiss"]
[EventRounds "13"]
[EventCountry "HUN"]

1. d4 Nf6 2. Nf3 e6 3. g3 d5 4. Bg2 c5 5. O-O b6 6. c4 Bb7 7. cxd5 Bxd5 8. Nc3
Bc6 9. Bg5 Nbd7 10. e4 Be7 11. d5 exd5 12. exd5 Nxd5 13. Nxd5 Bxg5 14. Nxg5 1-0

[Event "Magyar rapid bajnokság"]
[Site "Ajka"]
[Date "2020.07.18"]
[Round "6.20"]
[White "Persanyi, Barnabas"]
[Black "Horvath, Jozsef"]
[Result "1/2-1/2"]
[WhiteElo "2019"]
[BlackElo "2438"]
[PlyCount "84"]
[EventDate "2020.07.17"]
[EventType "swiss"]
[EventRounds "13"]
[EventCountry "HUN"]

1. c4 c5 2. Nf3 Nf6 3. g3 g6 4. b3 Bg7 5. Bb2 d6 6. Bg2 e5 7. Nc3 Nc6 8. O-O
O-O 9. Ne1 Be6 10. Nd5 Bxd5 11. cxd5 Ne7 12. e4 Nd7 13. Nc2 f5 14. d3 b5 15. f3
a5 16. a3 Nb6 17. Kh1 h5 18. a4 b4 19. Bc1 Kh7 20. Ne3 f4 21. Nc4 Nxc4 22. dxc4
Qd7 23. Kg1 g5 24. Ra2 Ng6 25. Kf2 Bh6 26. Ke1 Rf6 27. g4 hxg4 28. fxg4 Bf8 29.
Bf3 Be7 30. h3 Rh8 31. Rh2 Kg8 32. Rfh1 Rf7 33. Ke2 Kf8 34. Bd2 Ke8 35. Be1 Kd8
36. Bf2 Kc7 37. Qf1 Kb6 38. Qd1 Rfh7 39. Qf1 Nh4 40. Bxh4 Rxh4 41. Qg2 Bf6 42.
Kd1 R8h7 1/2-1/2

[Event "Magyar rapid bajnokság"]
[Site "Ajka"]
[Date "2020.07.18"]
[Round "6.21"]
[White "Molnar, Bela"]
[Black "Kovacsy, Barnabas"]
[Result "0-1"]
[WhiteElo "2346"]
[BlackElo "2011"]
[PlyCount "62"]
[EventDate "2020.07.17"]
[EventType "swiss"]
[EventRounds "13"]
[EventCountry "HUN"]

1. e4 c5 2. Nc3 Nc6 3. Bb5 Nd4 4. Nf3 e6 5. Nxd4 cxd4 6. Ne2 Qg5 7. a4 Qxg2 8.
Ng3 Qh3 9. c3 Bc5 10. b4 Bd6 11. Qe2 Be5 12. cxd4 Bxd4 13. Ra3 Qh4 14. Qc4 Be5
15. a5 Nf6 16. Re3 O-O 17. d4 Bf4 18. Re2 d5 19. Qc2 Bxc1 20. Qxc1 Nxe4 21.
Nxe4 dxe4 22. Qc2 Qe7 23. Qc3 Bd7 24. Bxd7 Qxd7 25. Rg1 Rac8 26. Qd2 f5 27. Re3
Qc7 28. Kd1 Qc6 29. Reg3 Rc7 30. Qb2 Qd5 31. Qd2 Rd8 0-1

[Event "Magyar rapid bajnokság"]
[Site "Ajka"]
[Date "2020.07.18"]
[Round "6.22"]
[White "Suranyi, Pal"]
[Black "Varga, Peter"]
[Result "0-1"]
[WhiteElo "2004"]
[BlackElo "2323"]
[PlyCount "56"]
[EventDate "2020.07.17"]
[EventType "swiss"]
[EventRounds "13"]
[EventCountry "HUN"]

1. d4 d5 2. Bf4 Nf6 3. e3 c6 4. Bd3 Bg4 5. f3 Bh5 6. Nh3 Bg6 7. Be2 e6 8. O-O
h6 9. Bg3 Bd6 10. Bf2 O-O 11. c4 Nbd7 12. Nc3 Qb8 13. g3 dxc4 14. Bxc4 b5 15.
Be2 a6 16. Rc1 c5 17. dxc5 Bxc5 18. Nf4 Bh7 19. Nd3 Rd8 20. Qb3 Bxd3 21. Bxd3
Qb6 22. Ne4 Bxe3 23. Nxf6+ Nxf6 24. Bh7+ Kxh7 25. Bxe3 Qb7 26. Qc2+ Kg8 27. Qc7
Qxc7 28. Rxc7 Nd5 0-1

[Event "Magyar rapid bajnokság"]
[Site "Ajka"]
[Date "2020.07.18"]
[Round "6.23"]
[White "Horvath, Tamas"]
[Black "Frink, Ferenc"]
[Result "1-0"]
[WhiteElo "2320"]
[BlackElo "2053"]
[PlyCount "93"]
[EventDate "2020.07.17"]
[EventType "swiss"]
[EventRounds "13"]
[EventCountry "HUN"]

1. e4 Nc6 2. Nf3 e6 3. d4 d6 4. Nc3 Bd7 5. Be3 Nf6 6. h3 Be7 7. Be2 O-O 8. O-O
h6 9. Qd2 Nh7 10. Nh2 f5 11. exf5 exf5 12. d5 Ne5 13. f4 Nf7 14. Nf3 Nf6 15.
Nd4 Qc8 16. Bf3 Nh7 17. Rae1 Bf6 18. Bf2 Bxd4 19. Qxd4 g5 20. Bh5 Qd8 21. Re6
Bxe6 22. dxe6 Nh8 23. Nd5 c5 24. Qd2 Rf6 25. e7 Qd7 26. e8=Q+ Rxe8 27. Bxe8
Qxe8 28. Nxf6+ Nxf6 29. Qxd6 Ne4 30. Qd5+ Qf7 31. Rd1 Ng6 32. fxg5 hxg5 33.
Qxf7+ Kxf7 34. Rd7+ Ke6 35. Rxb7 g4 36. hxg4 fxg4 37. Rxa7 g3 38. Be1 Nf4 39.
a4 Ne2+ 40. Kf1 Nd4 41. c3 Nc2 42. Ke2 Kd5 43. a5 Kc6 44. a6 Nd6 45. Bxg3 Na1
46. Bxd6 Kxd6 47. Rh7 1-0

[Event "Magyar rapid bajnokság"]
[Site "Ajka"]
[Date "2020.07.18"]
[Round "6.24"]
[White "Deak, Sandor"]
[Black "Acs, Marton"]
[Result "1-0"]
[WhiteElo "2281"]
[BlackElo "2014"]
[PlyCount "121"]
[EventDate "2020.07.17"]
[EventType "swiss"]
[EventRounds "13"]
[EventCountry "HUN"]

1. e4 e5 2. Nf3 Nc6 3. Nc3 Nf6 4. Bb5 Bc5 5. O-O O-O 6. Bxc6 dxc6 7. h3 h6 8.
d3 Re8 9. Be3 Qe7 10. Ne2 Bd6 11. Ng3 Nh7 12. Nh2 Nf8 13. Qh5 Ng6 14. Nf5 Bxf5
15. exf5 Nf4 16. Bxf4 exf4 17. Ng4 Qg5 18. Qxg5 hxg5 19. Rfe1 f6 20. Kf1 Kf7
21. Rxe8 Rxe8 22. Re1 Rxe1+ 23. Kxe1 g6 24. fxg6+ Kxg6 25. f3 Bc5 26. c3 Bd6
27. Nf2 Kf5 28. Ke2 c5 29. Ne4 Be7 30. Kf2 Ke5 31. g4 fxg3+ 32. Kxg3 f5 33. Nd2
b6 34. Nc4+ Kf6 35. f4 b5 36. fxg5+ Kxg5 37. h4+ Kf6 38. Ne3 Bd6+ 39. Kf3 Kg6
40. c4 c6 41. b3 Be5 42. Ng2 Kh5 43. Nf4+ Kh6 44. Ne6 Bd6 45. Nd8 Kh5 46. Nxc6
a6 47. cxb5 axb5 48. a4 bxa4 49. bxa4 Kxh4 50. a5 Bc7 51. a6 Bb6 52. Kf4 Kh3
53. Kxf5 Kg3 54. Ke4 Kf2 55. a7 Bxa7 56. Nxa7 Ke2 57. Nc8 Kd2 58. Nb6 Kc3 59.
Na4+ Kb4 60. Kd5 c4 61. dxc4 1-0

[Event "Magyar rapid bajnokság"]
[Site "Ajka"]
[Date "2020.07.18"]
[Round "6.25"]
[White "Fodor, Balazs"]
[Black "Farago, Sandor"]
[Result "0-1"]
[WhiteElo "1981"]
[BlackElo "2271"]
[PlyCount "118"]
[EventDate "2020.07.17"]
[EventType "swiss"]
[EventRounds "13"]
[EventCountry "HUN"]

1. d4 Nf6 2. c4 g6 3. Nc3 Bg7 4. e4 d6 5. f3 Nbd7 6. Be3 e5 7. d5 a5 8. b3 b6
9. Nh3 Nc5 10. Nf2 Bd7 11. Be2 h5 12. Qd2 Qb8 13. Nd3 h4 14. O-O Nh5 15. Nxc5
bxc5 16. a4 Nf4 17. Nb5 Qd8 18. Bd3 Bf6 19. Ra2 g5 20. Bxf4 exf4 21. h3 Be5 22.
Be2 c6 23. dxc6 Bxc6 24. Rd1 Rh6 25. Qe1 Qb6 26. Kh1 Ke7 27. Qf2 Rf8 28. Rad2
f5 29. exf5 Rxf5 30. Bd3 Rff6 31. Qe2 Kf8 32. Be4 Be8 33. Rd3 Rh8 34. Qc2 Ke7
35. Nc3 Bf7 36. Bd5 Bg6 37. Be4 Bf7 38. Qe2 Kf8 39. Nb5 Kg7 40. Qd2 Rhh6 41.
Qe2 Be8 42. Na3 Rh8 43. Nc2 Bd7 44. Ne1 Qc7 45. Qc2 Qc8 46. R3d2 Bxh3 47. gxh3
Qxh3+ 48. Kg1 Bd4+ 49. Rxd4 cxd4 50. Qg2 Qg3 51. Nd3 h3 52. Qxg3 fxg3 53. Rd2
g4 54. f4 Re8 55. Bd5 Re3 56. Rd1 Re2 57. Kf1 Ra2 58. Re1 g2+ 59. Kg1 g3 0-1

[Event "Magyar rapid bajnokság"]
[Site "Ajka"]
[Date "2020.07.18"]
[Round "7.1"]
[White "Kozak, Adam"]
[Black "Antal, Gergely"]
[Result "1/2-1/2"]
[WhiteElo "2438"]
[BlackElo "2537"]
[PlyCount "67"]
[EventDate "2020.07.17"]
[EventType "swiss"]
[EventRounds "13"]
[EventCountry "HUN"]

1. Nf3 d5 2. g3 g6 3. Bg2 Bg7 4. d4 Nf6 5. O-O c6 6. c4 dxc4 7. a4 Ne4 8. Na3
Nd6 9. Re1 O-O 10. e4 Na6 11. h3 c5 12. e5 Nf5 13. dxc5 Nxc5 14. g4 Nb3 15. Rb1
Nfd4 16. Nxd4 Qxd4 17. Qxd4 Nxd4 18. Nxc4 Be6 19. b3 Rab8 20. Ba3 Nc2 21. Bxe7
Nxe1 22. Bxf8 Bxf8 23. Rxe1 b5 24. axb5 Rxb5 25. Re3 Bc5 26. Rd3 Bxc4 27. bxc4
Rb1+ 28. Kh2 Bxf2 29. Bd5 Rb2 30. Rf3 Bd4+ 31. Kh1 Rf2 32. Bxf7+ Kf8 33. Rxf2
Bxf2 34. Bd5 1/2-1/2

[Event "Magyar rapid bajnokság"]
[Site "Ajka"]
[Date "2020.07.18"]
[Round "7.2"]
[White "Banusz, Tamas"]
[Black "Bagi, Mate"]
[Result "1/2-1/2"]
[WhiteElo "2614"]
[BlackElo "2462"]
[PlyCount "107"]
[EventDate "2020.07.17"]
[EventType "swiss"]
[EventRounds "13"]
[EventCountry "HUN"]

1. d4 Nf6 2. Nf3 g6 3. g3 d5 4. Bg2 Bg7 5. O-O O-O 6. c4 dxc4 7. Na3 Nc6 8.
Nxc4 Be6 9. b3 Bd5 10. Bb2 a5 11. a4 Qc8 12. e3 Rd8 13. Qe2 b6 14. Rfd1 Qb7 15.
Rac1 Nb4 16. Ba3 e6 17. Ne1 Bxg2 18. Nxg2 Ne4 19. Qf3 Nd6 20. Qxb7 Nxb7 21. Nf4
Rac8 22. Bxb4 axb4 23. Nd3 Bf8 24. Nde5 Re8 25. Nc6 f6 26. g4 h5 27. gxh5 gxh5
28. Kg2 Kf7 29. Kf3 Ra8 30. Rg1 Na5 31. N4xa5 bxa5 32. Rgd1 Bd6 33. h3 f5 34.
Rg1 Rg8 35. Rxg8 Kxg8 36. Rg1+ Kf7 37. e4 fxe4+ 38. Kxe4 Ra6 39. d5 exd5+ 40.
Kxd5 Kf6 41. Rg8 Kf5 42. h4 Kf4 43. Rg5 Ra8 44. Rxh5 Rf8 45. Nxa5 Kg4 46. Rh7
Rf5+ 47. Kc6 Rxa5 48. h5 Kg5 49. Rh8 Kf6 50. h6 Kg6 51. h7 Kg7 52. Rb8 Rc5+ 53.
Kd7 Kxh7 54. Rxb4 1/2-1/2

[Event "Magyar rapid bajnokság"]
[Site "Ajka"]
[Date "2020.07.18"]
[Round "7.3"]
[White "Erdos, Viktor"]
[Black "Kaczur, Florian"]
[Result "1-0"]
[WhiteElo "2580"]
[BlackElo "2454"]
[PlyCount "105"]
[EventDate "2020.07.17"]
[EventType "swiss"]
[EventRounds "13"]
[EventCountry "HUN"]

1. Nf3 g6 2. e4 Bg7 3. d4 d6 4. Be2 Nf6 5. Nc3 O-O 6. O-O a6 7. a4 Nc6 8. d5
Nb8 9. Bg5 Nbd7 10. Re1 c6 11. Bf1 Qc7 12. Qd2 Re8 13. a5 b6 14. dxc6 Qxc6 15.
Nd4 Qc7 16. axb6 Nxb6 17. Nb3 Ng4 18. h3 Ne5 19. Nd5 Nxd5 20. exd5 e6 21. dxe6
Bxe6 22. Rxa6 Rxa6 23. Bxa6 Qb6 24. Bf1 Bxb3 25. cxb3 h6 26. Be3 Qxb3 27. Qxd6
Kh7 28. Qa3 Qb7 29. Rb1 Ra8 30. Qd6 Qe4 31. Rc1 Ra2 32. b4 Rb2 33. Bc5 Qf4 34.
Rd1 Qg5 35. Qd5 Rc2 36. Be3 Qf5 37. b5 h5 38. b6 Bh6 39. Bd4 Bf4 40. b7 Nc6 41.
Qxf5 gxf5 42. Bd3 Ra2 43. Bxf5+ Kh6 44. Be3 Bxe3 45. fxe3 Kg5 46. Be4 Nb8 47.
Rd8 f5 48. Rxb8 fxe4 49. Rg8+ Kh4 50. g3+ Kxh3 51. b8=Q Rg2+ 52. Kf1 h4 53.
gxh4 1-0

[Event "Magyar rapid bajnokság"]
[Site "Ajka"]
[Date "2020.07.18"]
[Round "7.4"]
[White "Kantor, Gergely"]
[Black "Nagy, Gabor"]
[Result "1-0"]
[WhiteElo "2424"]
[BlackElo "2523"]
[PlyCount "141"]
[EventDate "2020.07.17"]
[EventType "swiss"]
[EventRounds "13"]
[EventCountry "HUN"]

1. d4 Nf6 2. c4 g6 3. Nc3 Bg7 4. e4 d6 5. h3 O-O 6. Be3 c5 7. Nf3 Qa5 8. Bd3
cxd4 9. Nxd4 Nc6 10. O-O Bd7 11. Qd2 Rfc8 12. f4 Qd8 13. Rad1 Nh5 14. Nxc6 Bxc6
15. Qf2 Qa5 16. f5 Rf8 17. g4 Nf6 18. c5 Nd7 19. cxd6 exd6 20. Bc4 Qb4 21. Bd5
Nf6 22. a3 Qa5 23. Bxc6 bxc6 24. g5 Nd7 25. f6 Bh8 26. Rxd6 Ne5 27. Bf4 Rfe8
28. Rfd1 h6 29. h4 Rab8 30. Qe2 Qc5+ 31. Be3 Qa5 32. Kg2 h5 33. Bf4 Qc5 34.
Bxe5 Qxe5 35. Rxc6 Qf4 36. Qf2 Qg4+ 37. Kf1 Rxe4 38. Nxe4 Qxd1+ 39. Kg2 Qd5 40.
Qc2 Kh7 41. Rc5 Qe6 42. Nf2 Re8 43. Rc7 Qd5+ 44. Kh2 Qe5+ 45. Kh1 Qd5+ 46. Kh2
Qe5+ 47. Kg1 Qg3+ 48. Kf1 Rf8 49. Qc4 Kg8 50. Rc8 Rxc8 51. Qxc8+ Kh7 52. Qb7
Kg8 53. Qa8+ Kh7 54. Qd5 Kg8 55. Qc4 Qe5 56. Qc8+ Kh7 57. Qd7 Kg8 58. Qc8+ Kh7
59. Qb7 Kg8 60. Qa8+ Kh7 61. Qxa7 Qb5+ 62. Kg1 Qc4 63. b4 Kg8 64. Qa8+ Kh7 65.
Qe8 Qc7 66. b5 Bxf6 67. gxf6 g5 68. Qe4+ Kg8 69. hxg5 Qg3+ 70. Kf1 Qxg5 71. Qg2
1-0

[Event "Magyar rapid bajnokság"]
[Site "Ajka"]
[Date "2020.07.18"]
[Round "7.5"]
[White "Terbe, Julianna"]
[Black "Czebe, Attila"]
[Result "0-1"]
[WhiteElo "2182"]
[BlackElo "2517"]
[PlyCount "74"]
[EventDate "2020.07.17"]
[EventType "swiss"]
[EventRounds "13"]
[EventCountry "HUN"]

1. d4 Nf6 2. Nf3 b6 3. Bf4 Bb7 4. h3 g6 5. e3 Bg7 6. Be2 O-O 7. O-O d6 8. Nbd2
Nfd7 9. Bh2 e5 10. c4 exd4 11. exd4 Re8 12. Re1 Nf8 13. Qc2 Nc6 14. d5 Nb4 15.
Qb3 a5 16. Bf1 Nd7 17. Rxe8+ Qxe8 18. Re1 Qd8 19. a3 Nc5 20. Qd1 Nbd3 21. Bxd3
Nxd3 22. Re3 Nxb2 23. Qc2 Bc8 24. g4 Bd7 25. Ne4 Na4 26. Bg3 Qf8 27. Bh4 f5 28.
Neg5 Nc5 29. Ne6 Bxe6 30. dxe6 Re8 31. e7 Qf7 32. gxf5 Qxf5 33. Qd1 h6 34. Nd4
Qf4 35. Nc6 Qxc4 36. Qf3 Nd7 37. Nd8 Ne5 0-1

[Event "Magyar rapid bajnokság"]
[Site "Ajka"]
[Date "2020.07.18"]
[Round "7.6"]
[White "Berkes, Ferenc"]
[Black "Horvath, Adam"]
[Result "1-0"]
[WhiteElo "2688"]
[BlackElo "2496"]
[PlyCount "197"]
[EventDate "2020.07.17"]
[EventType "swiss"]
[EventRounds "13"]
[EventCountry "HUN"]

1. d4 Nf6 2. g3 d5 3. Nf3 e6 4. Bg2 b5 5. O-O Bb7 6. a4 b4 7. c4 bxc3 8. Nxc3
Be7 9. a5 Na6 10. Qa4+ Qd7 11. Qb3 Qc8 12. Bf4 O-O 13. Rfc1 c5 14. dxc5 Nxc5
15. Qd1 Qe8 16. b4 Nce4 17. b5 Rc8 18. a6 Ba8 19. Nxe4 dxe4 20. Rxc8 Qxc8 21.
Rc1 Qe8 22. Nd4 Ba3 23. Rc3 Bb4 24. Rc4 e5 25. Bxe5 Qxe5 26. Rxb4 e3 27. f4 Qd6
28. Qb1 Bxg2 29. Kxg2 Re8 30. Nf3 h6 31. b6 Nd5 32. Re4 Rxe4 33. Qxe4 Nxb6 34.
Qe8+ Qf8 35. Qxe3 Qc8 36. Qd3 Nc4 37. Ne5 Nxe5 38. fxe5 Qc6+ 39. e4 Qe6 40. Qd6
Qa2+ 41. Kh3 Kh7 42. Qd7 h5 43. Qxa7 Qe6+ 44. Kg2 Qa2+ 45. Kf3 Qa3+ 46. Ke2
Qa2+ 47. Kd3 Qb1+ 48. Kc3 Qc1+ 49. Kb3 Qb1+ 50. Kc3 Qc1+ 51. Kb4 Qb1+ 52. Ka5
Qa1+ 53. Kb5 Qb2+ 54. Kc6 Qxe5 55. Qxf7 Qxe4+ 56. Qd5 Qe8+ 57. Kb6 Qb8+ 58. Ka5
Qc7+ 59. Kb5 Qb8+ 60. Ka4 Qe8+ 61. Ka5 Qe1+ 62. Kb5 Qe2+ 63. Kb6 Qe3+ 64. Kb5
Qe2+ 65. Qc4 Qe5+ 66. Qc5 Qe8+ 67. Qc6 Qe5+ 68. Kc4 Qe2+ 69. Kd4 Qd2+ 70. Ke5
Qxh2 71. Qe4+ Kh8 72. Qa8+ Kh7 73. Qe4+ Kh8 74. Qa8+ Kh7 75. Qe4+ Kh8 76. Qd3
Qb2+ 77. Kf5 Qb6 78. Kg5 Qh6+ 79. Kh4 g5+ 80. Kh3 Qe6+ 81. Kh2 Qa2+ 82. Kh3
Qe6+ 83. Kg2 Qc6+ 84. Kh2 Qb6 85. Qe2 Kg7 86. Qe7+ Kg6 87. Qe8+ Kg7 88. Qd7+
Kg6 89. Qd3+ Kg7 90. Qc3+ Kg6 91. Qc2+ Kf6 92. Qa2 Qa7 93. Qb2+ Ke6 94. Qe2+
Kd5 95. Kg2 g4 96. Qb5+ Kd6 97. Qxh5 Qd4 98. Qh6+ Kc7 99. Qf4+ 1-0

[Event "Magyar rapid bajnokság"]
[Site "Ajka"]
[Date "2020.07.18"]
[Round "7.7"]
[White "Balogh, Csaba"]
[Black "Mester, Gyula"]
[Result "1-0"]
[WhiteElo "2653"]
[BlackElo "2426"]
[PlyCount "105"]
[EventDate "2020.07.17"]
[EventType "swiss"]
[EventRounds "13"]
[EventCountry "HUN"]

1. e4 c5 2. Nf3 Nc6 3. Bb5 e6 4. O-O Nge7 5. Re1 a6 6. Bf1 d5 7. d3 d4 8. e5
Ng6 9. g3 Be7 10. a4 O-O 11. Na3 Rb8 12. h4 Qc7 13. h5 Nh8 14. h6 Ng6 15. hxg7
Kxg7 16. Qd2 Kh8 17. Qh6 Rg8 18. Bg5 Bxg5 19. Nxg5 Rg7 20. f4 Nce7 21. Bh3 b5
22. axb5 axb5 23. Kf2 Nf5 24. Bxf5 exf5 25. Rh1 Nf8 26. Qf6 Rb6 27. Nxf7+ Qxf7
28. Qxb6 Qd5 29. Qd6 Qg8 30. Nxb5 Bb7 31. Rh3 Rg6 32. Qe7 Rg7 33. Qf6 Qd5 34.
Qxf8+ Rg8 35. Qf6+ Rg7 36. Qf8+ Rg8 37. Qf6+ Rg7 38. Ke1 Qg2 39. Qf8+ Rg8 40.
Qf6+ Rg7 41. Nxd4 cxd4 42. Qf8+ Rg8 43. Qf6+ Rg7 44. Qd8+ Rg8 45. Qxd4 Rc8 46.
e6+ Kg8 47. Rh5 Qxg3+ 48. Qf2 Qxf2+ 49. Kxf2 Rxc2+ 50. Ke3 Rc6 51. Rg1+ Kh8 52.
Rxf5 Rxe6+ 53. Re5 1-0

[Event "Magyar rapid bajnokság"]
[Site "Ajka"]
[Date "2020.07.18"]
[Round "7.8"]
[White "Balog, Imre"]
[Black "Korpa, Bence"]
[Result "1-0"]
[WhiteElo "2626"]
[BlackElo "2427"]
[PlyCount "51"]
[EventDate "2020.07.17"]
[EventType "swiss"]
[EventRounds "13"]
[EventCountry "HUN"]

1. d4 Nf6 2. Nf3 e6 3. c4 d5 4. g3 Bb4+ 5. Bd2 Be7 6. Bg2 O-O 7. O-O Nbd7 8.
Qc2 Ne4 9. Nc3 Nxd2 10. Nxd2 c6 11. Rfd1 f5 12. Rab1 a5 13. a3 f4 14. e4 fxe3
15. fxe3 Bg5 16. Qd3 b6 17. b4 axb4 18. axb4 Qf6 19. b5 dxc4 20. Nxc4 cxb5 21.
Rxb5 Ba6 22. Ne4 Qh6 23. Rxg5 Rac8 24. Rc1 Rc7 25. h4 b5 26. Qa3 1-0

[Event "Magyar rapid bajnokság"]
[Site "Ajka"]
[Date "2020.07.18"]
[Round "7.9"]
[White "Mihok, Oliver"]
[Black "Egresi, Mate"]
[Result "1-0"]
[WhiteElo "2508"]
[BlackElo "2299"]
[PlyCount "121"]
[EventDate "2020.07.17"]
[EventType "swiss"]
[EventRounds "13"]
[EventCountry "HUN"]

1. d4 d5 2. Nc3 Nf6 3. Bg5 Nbd7 4. Nf3 h6 5. Bh4 e6 6. e4 g5 7. Bg3 dxe4 8. Ne5
Nxe5 9. Bxe5 Bb4 10. Qd2 Bd7 11. a3 Bxc3 12. Qxc3 Bc6 13. O-O-O Rg8 14. Qg3 Qe7
15. Bxc7 Rc8 16. Bd6 Qd7 17. Be5 Nd5 18. Rd2 Ba4 19. Kb1 Qc6 20. c4 Ne7 21. b3
Qb6 22. Ka2 Bc6 23. Be2 a5 24. Rc1 a4 25. b4 Nf5 26. Qc3 Qd8 27. Kb2 f6 28. d5
fxe5 29. dxc6 Nd4 30. cxb7 Rb8 31. Re1 Ke7 32. Bd1 Rxb7 33. Rxe4 Qc7 34. Rexd4
exd4 35. Qxd4 Qxh2 36. Bxa4 Qf4 37. Qxf4 gxf4 38. Bc6 Rc7 39. b5 Rgc8 40. Kb3
Rxc6 41. bxc6 Rxc6 42. f3 Rc8 43. a4 Rb8+ 44. Kc3 Ra8 45. Ra2 Kd6 46. a5 Kc5
47. a6 Ra7 48. Kd3 h5 49. Ke4 Kxc4 50. Kxf4 Kd5 51. Ra5+ Kd4 52. Ra4+ Kd5 53.
Kg5 Ke5 54. Ra5+ Kd4 55. Kxh5 Ke3 56. Kg6 Kf4 57. Kf6 e5 58. Ra2 e4 59. Ra4 Kg3
60. fxe4 Kxg2 61. e5 1-0